LEADER 00959nam a2200241 i 4500 001 000000133249 003 CaOOAMICUS 005 20070314000000.0 008 070314s1974 it u000 u ita u 013 $a106267 040 $aSeMil$bita 100 1 $aMaggiolini, Alessandro .$0(OLS)http://semarc/name/7299 245 10$aAscolta, si fa sera /$cti parla don Sandro Maggiolini. 260 $aMilano :$bÀncora,$c1974. 300 $a254 p. ;$c18 cm. 500 $aIn prel. : Dedica autogr. dell'Aut. al Card. Colombo. - Fondo Card. Giovanni Colombo. 650 4$aCristianesimo - Meditazioni.$0(OLS)http://semarc/subject/1977 850 $aSeMil 852 $aSeMil$W1$xVenegono$y1$m3F I 389 °$j87101$B87101$CSeMilBibl$Z2$F122690 $81 941 1 $a3 961 $aLascito: Colombo Card. Giovanni 996 $6245$aAscolta, si fa sera$9(OLS)http://semarc/title/171134 996 $6260$aMilano :$bÀncora$9(OLS)http://semarc/publisher/29763 LEADER 01001nam a2200241 i 4500 001 000000044474 003 CaOOAMICUS 005 20140516000000.0 008 140516s1973 it u000 u ita u 013 $a15644 040 $aSeMil$bita 100 1 $aZarrella, Pietro.$0(OLS)http://semarc/name/22122 245 13$aLa risurrezione di Gesù :$bstoria e messaggio /$cPietro Zarrella. 260 $aAssisi :$bCittadella,$cstampa 1973. 300 $a143 p. ;$c19 cm. 490 0 $aQuestioni aperte 500 $aIn appendice : Sinossi dei racconti evangelici sulla Risurrezione di Gesù. 650 4$aGesù Cristo - Risurrezione.$0(OLS)http://semarc/subject/5599 830 0$aQuestioni aperte.$0(OLS)http://semarc/title/6289 850 $aSeMil 852 $aSeMil$W1$xVenegono$y1$m2Z I 297$j10629$B10629$CSeMilBibl$Z2$F10629 $81 996 $6245$aLa risurrezione di Gesù :$bstoria e messaggio$9(OLS)http://semarc/title/65782 996 $6260$aAssisi :$bCittadella$9(OLS)http://semarc/publisher/29661